000 00751nam a2200229Ii 4500
003 JO-AjNU
008 230605s9999||||xx |||||||||||||| ||und||
017 _a1994/4/334
040 _aJO-AjNU
_bara
_erda
_cJO-AjNU
041 _aara
050 1 4 _aBP184.4 1994
100 3 _aالياقتي، رغداء بكور,
_eauthor
_956493
245 0 0 _aطهارتك أختي المسلمة
250 _aط2/مزيدة ومنقحة
264 3 1 _aد.م: المؤلف، 1994
300 _a256ص
336 _atext
_btxt
_2rdacontent
337 _aunmediated
_bn
_2rdamedia
338 _avolume
_bnc
_2rdacarrier
490 0 _aسلسلة اختي المسلمة2
650 4 _aالطهارة- الفقه الاسلامي- المرأة المسلمة
_956494
999 _aA25259
_c28827
_d28827